000 00573nam a2200193Ia 4500
003 GCL
008 140319s9999 xx 000 0 eng d
040 _aGCL /
_cGCL
082 0 4 _a956
_bH I
100 1 _aHOURANI, ALBERT, HABIB
245 1 0 _aISLAM IN EUROPEAN THOUGHT /
_cHOURANI, ALBERT, HABIB
260 _a[S.N] :
_bCAMBRIDGE UNIVERSITY PRESS ،
_c1991
300 _a199 P
650 0 4 _aحوادث المرور
650 0 4 _aالدولة العربية
650 0 4 _aMIDDLE EAST - STUDY AND TEACH
650 0 4 _aMIDDLE EAST - EUROPEAN RELATIONS
942 _2ddc
_cBK
999 _c21233
_d21233